Daň z pridanej hodnoty - praktické príklady

Praktické príklady týkajúce sa platenia dane z pridanej hodnoty na príklade firmy Silver - CZ, s.r.o. Prehľadná tabuľka odpočítania dane z pridanej hodnoty. Tlačivo daňového priznania - daň z pridanej hodnoty.

Salvato in:
Dettagli Bibliografici
Autore principale: Bolgáč, Ján, 1959-
Natura: Capitolo di libro
Lingua:slovacco
Soggetti:
Tags: Aggiungi Tag
Nessun Tag, puoi essere il primo ad aggiungerne!!

MARC

LEADER 00000naa$a2200000$$$4500
001 0068286
005 20240502071826.1
041 0 |a slo 
044 |a SK 
245 1 0 |a Daň z pridanej hodnoty - praktické príklady  |c Ján Bolgáč 
520 |a Praktické príklady týkajúce sa platenia dane z pridanej hodnoty na príklade firmy Silver - CZ, s.r.o. Prehľadná tabuľka odpočítania dane z pridanej hodnoty. Tlačivo daňového priznania - daň z pridanej hodnoty. 
610 2 0 |a dane nepriame 
610 2 0 |a dane z hodnoty pridanej 
610 2 0 |a platby obchodné 
610 2 0 |a podnikanie 
610 2 0 |a oslobodenie od daní 
610 2 0 |a fakturovanie 
610 2 0 |a tovar 
610 2 0 |a služby 
100 1 |a Bolgáč, Ján, 1959-